Länder mit höherer FIFA-Platzierung als ihre Nachbarn (Frauen) - Statistiken

Allgemein
  • Dieses Quiz wurde 43 mal gespielt
  • Das Durchschnittsergebnis liegt bei 9 aus 22
Antwortstatistiken
# Anzahl
Grenzen
Land % Korrekt
5 2 Vereinigte Staaten
100%
1 4 Spanien
95%
3 2 England
87%
6 2 Schweden
74%
51 6 Südafrika
58%
36 4 Nigeria
50%
60 4 Griechenland
42%
46 4 Thailand
42%
53 1 Haiti
37%
25 1 Irland
37%
70 4 Israel
37%
44 2 Costa Rica
32%
10 3 Nordkorea
32%
65 3 Ghana
29%
34 8 Serbien
29%
78 2 Tunesien
21%
114 2 Vereinigte Arabische Emirate
16%
124 6 Äthiopien
13%
57 1 Papua-Neuguinea
11%
47 5 Usbekistan
11%
64 8 Sambia
8%
141 2 Sierra Leone
0%
Keine übereinstimmenden Quizze gefunden
Verteilung der Resultate
Anzahl Personen mit jedem Resultat
Perzentil nach korrekt beantworteten Fragen
Ihre Resultats-Entwicklung
Sie haben dieses Quiz noch nicht gespielt